000 005240000a22001930004500
001 002332
003 MACL
005 20151015154104.0
008 151015b xxu||||| |||| 00| 0 eng d
040 _aMACL
_cMACL
041 _aEnglish
082 _a920.03/GAN
100 _aGangade K.D.,
_915051
245 _aMoral Lessons From Gandhi's Autobiography And Other Essays
_cGangade K.D.
260 _aNew Delhi
_c2004
_bGandhi Smriti & Darshan samiti,
350 _a450
650 _aBiography
_915052
942 _k920
_cBK
_2ddc
999 _c14244
_d14244